Culture Pop par lettre - L - Statistiques

Statistiques générales
  • Ce quiz a été pris 2 894 fois
  • Le résultat moyen est 11 sur 15
Statistiques - réponses
Catégorie Indice Réponse % Correct
Film d'animation Chanson phare du film "La Reine des Neiges" Libérée Délivrée
97%
Film d'animation Film des studios Pixar, où Carl Fredricksen décide d'attacher des milliers de ballons à sa maison pour s'envoler vers l'Amérique du Sud Là-Haut
96%
Dessin Animé Série de dessins animés avec les personnages de Bugs Bunny, Daffy Duck, Speedy Gonzales, Bip Bip... Looney Tunes
85%
Jeu Video De quel jeu LOL est-il l’acronyme ? League of Legends
84%
Comics Frère adoptif de Thor, dieu de la malice, de la discorde et des illusions Loki
82%
Célébrité Réalisateur de la série de films "Star Wars", grand ami de Steven Spielberg George Lucas
77%
Livre / Film Trilogie de livres et de films, dont le deuxième et le troisième volet s’appelle : La Terre Brûlée et Le Remède Mortel Le Labyrinthe
73%
Film d'animation D'où vient cette citation : "Ohana signifie famille. Famille signifie que personne ne doit être abandonné, ni oublié." Lilo & Stitch
69%
Livre / Film Membre de la Communauté de l'Anneau, représentant des Elfes, dans les films il est interprété par Orlando Bloom Legolas
67%
Comics Petite amie de Clark Kent alias Superman Lois Lane
67%
Série Dans la série, Game of Thrones, quelle est la maison qui "paie toujours ses dettes" ? Lannister
64%
Comédie Musicale Film musical, sorti en 2016, mettant en scène l'histoire d'amour de Mia et Sebastian La La Land
57%
Célébrité "Papa" de Spiderman, associé à la maison d'édition Marvel Comics Stan Lee
57%
Chanson Chanson des Beatles commençant par : "When I find myself in times of trouble, Mother Mary comes to me..." Let it be
49%
Film Bob Harris (Bill Murray, acteur dont la carrière commence à s'étouffer, part à Tokyo pour filmer un spot publicitaire, là-bas il fait la connaissance de Charlotte (Scarlett Johansson) Lost In Translation
26%
Aucun quiz correspondant
Distribution des résultats
% des personnes avec chaque résultat
Percentile par nombre de réponses
Votre historique - résultats
Vous n’avez pas pris ce quiz